Word Ladder: Bond, James Bond Quiz Stats

 Plays Quiz Updated Aug 26, 2012

Support Sporcle.
Go Orange.
Score 0/28 Timer 02:00
2 Plays Today
Clue Answer % Correct
⌘From Russia with ___LOVE
95.1%
⌘You Only ___ Twice⌘LIVE
94.9%
⌘For Your ___ Only⌘EYES
94.1%
⌘Tomorrow Never ___DIES
92.8%
Walking stickCANE
89.6%
UntruthsLIES
89.5%
⌘Licence to ___KILL
88.6%
Native of DenmarkDANE
88.4%
Kids should be ___ but not heard?SEEN
86.3%
ColorsDYES
85.2%
Nights before an eventEVES
84.6%
Coastal inletCOVE
82.1%
Ullmann and TylerLIVS
81.8%
Give in or acquiesceCAVE
80.4%
Clue Answer % Correct
UntamedWILD
72.8%
DeterminationWILL
71.4%
LevelEVEN
68%
Nordic boys nameSVEN
66.4%
⌘First film in the 007 franchise (2 words)⌘DR. NO
62.9%
EnthusiasticKEEN
59%
⌘A ___ to a Kill⌘VIEW
58.3%
KnottedTIED
54.7%
Boat partKEEL
53.9%
Paul ___, 'There Will Be Blood' starDANO
53%
Coastal German cityKIEL
49.9%
Competed, for attention perhapsVIED
46%
Zephyr or siroccoWIND
37.5%
Kindle or igniteTIND
27.5%

Today's Daily Dose

You're not logged in!

Compare scores with friends on all Sporcle quizzes.
OR
Log In

From the Vault

Born in Louisiana

by citkeane

Deep down in Louisiana, these people were born.
Remove Ads.
Support Sporcle.
Get the best of Sporcle when you Go Orange. This ad-free experience offers more features, more stats, and more fun while also helping to support Sporcle. Thank you for becoming a member.

Show Comments

Extras

Top Quizzes Today


Score Distribution

Your Account Isn't Verified!

In order to create a playlist on Sporcle, you need to verify the email address you used during registration. Go to your Sporcle Settings to finish the process.

Report this User

Report this user for behavior that violates our Community Guidelines.

Details: